Sovetskije narodnyje pesni Voronežskoj oblasti. Vyp. 2

Další autoři: Massalitinov, Konstantin Iraklijevič, 1905-1979
Jazyk: Ruština
Vydáno: Moskva : Gosudarstvennoje muzykal'noje izdatel'stvo, 1951
Fyzický popis: 19 s.
Hudebniny Hudebniny
Uloženo v:
LEADER 00860ncm a22002172a 4500
001 001179459
003 CZ BrMZK
005 20120913135202.0
007 qu
008 111109s1951 ru |||||||||||||||||rus d
040 |a BOA001  |b cze 
072 7 |a 784  |x Vokální hudba  |2 Konspekt  |9 9 
245 0 0 |a Sovetskije narodnyje pesni Voronežskoj oblasti.  |n Vyp. 2  |h [hudebnina] /  |c zapis i muz. obrabotka K. Massalitinova ; literaturnaja obrabotka tekstov A. Korotajeva i A. Sal'nikova 
260 |a Moskva :  |b Gosudarstvennoje muzykal'noje izdatel'stvo,  |c 1951 
300 |a 19 s. 
500 |a Sborový zpěv s harmonikou 
700 1 |a Massalitinov, Konstantin Iraklijevič,  |d 1905-1979  |7 mzk2012720498  |4 arr 
910 |a BOA001  |b Mus4-0287.842,2 
990 |a MU 
991 |b 201111 
996 6 |b 2619560775  |c Mus4-0287.842,2  |l MZK  |r Sklad / do 1 hodiny  |n 0  |w 001212896  |u 000010  |a 1  |e BOA001  |j MZK50  |s P